[Event "NRW Class2 1819"]
[Site "Germany"]
[Date "2018.10.14"]
[Round "2.6"]
[White "Schnitker, Rainer"]
[Black "Hoeren, Andreas"]
[Result "1-0"]
[WhiteElo "2026"]
[BlackElo "2126"]
[PlyCount "83"]
[EventDate "2018.09.16"]
[EventType "team-tourn"]
[EventRounds "9"]
[EventCountry "GER"]
[SourceTitle "EXT 2022"]
[Source "ChessBase"]
[SourceDate "2021.10.06"]
[SourceVersion "1"]
[SourceVersionDate "2021.10.06"]
[SourceQuality "1"]
[WhiteTeam "Bielefeld"]
[BlackTeam "Koeln Lasker"]
[WhiteTeamCountry "GER"]
[BlackTeamCountry "GER"]

1. Nf3 d6 2. c4 e5 3. Nc3 f5 4. d3 Nf6 5. g3 Be7 6. Bg2 0-0 7. 0-0 c6 8. Qc2 Na6 9. a3 Qe8 10. b4 Nc7 11. Rb1 Qh5 12. c5 f4 13. cxd6 Bxd6 14. Ne4 Nxe4 15. dxe4 Rf6 16. Rd1 Bg4 17. Bb2 Re8 18. Rd2 Rh6 19. Rbd1 Bxf3 20. exf3 Qxh2+ 21. Kf1 Ree6 22. Qb3 Kf8 23. g4 Qh4 24. a4 Qe7 25. b5 cxb5 26. axb5 Qe8 27. b6 axb6 28. g5 Rhg6 29. Bh3 Qc6 30. Bxe6 Rxe6 31. Rxd6 Rxd6 32. Ba3 Nb5 33. Bxd6+ Nxd6 34. Kg2 Nf7 35. Rd5 Qg6 36. Qa3+ Ke8 37. Qa8+ Ke7 38. Qxb7+ Ke8 39. Qc8+ Ke7 40. Qc7+ Ke8 41. Qc8+ Ke7 42. Rd7+ 1-0

[Event "Mittelrhein Regionalliga 1718"]
[Site "Nordrheinwestfalen"]
[Date "2017.12.03"]
[Round "4.5"]
[White "Andok, Claus Michael"]
[Black "Hoeren, Andreas"]
[Result "1/2-1/2"]
[WhiteElo "2057"]
[BlackElo "2104"]
[PlyCount "21"]
[EventDate "2017.09.10"]
[EventType "team-tourn"]
[EventRounds "9"]
[EventCountry "GER"]
[SourceTitle "EXT 2022"]
[Source "ChessBase"]
[SourceDate "2021.10.06"]
[SourceVersion "1"]
[SourceVersionDate "2021.10.06"]
[SourceQuality "1"]
[WhiteTeam "Aachen DJK Aufwärts III"]
[BlackTeam "Koeln Lasker"]
[WhiteTeamCountry "GER"]
[BlackTeamCountry "GER"]

1. c4 e5 2. g3 d6 3. Bg2 f5 4. Nc3 Nf6 5. d4 Be7 6. dxe5 dxe5 7. Qxd8+ Bxd8 8. Bg5 c6 9. Nf3 Nbd7 10. 0-0 0-0 11. Bh3 1/2-1/2

[Event "Mittelrhein Verbandsliga-O 16/17"]
[Site "Nordrheinwestfalen"]
[Date "2016.10.23"]
[Round "3"]
[White "Kiebel, Niklas"]
[Black "Hoeren, Andreas"]
[Result "0-1"]
[WhiteElo "1875"]
[BlackElo "2102"]
[PlyCount "58"]
[EventDate "2016.09.11"]
[EventType "team-tourn"]
[EventRounds "11"]
[EventCountry "GER"]
[SourceTitle "EXT 2022"]
[Source "ChessBase"]
[SourceDate "2021.10.06"]
[SourceVersion "1"]
[SourceVersionDate "2021.10.06"]
[SourceQuality "1"]
[WhiteTeam "Bruehl II"]
[BlackTeam "Koeln Lasker II"]
[WhiteTeamCountry "GER"]
[BlackTeamCountry "GER"]

1. e4 d6 2. d4 Nf6 3. Nc3 Nbd7 4. Nf3 e5 5. Bc4 Be7 6. Ng5 0-0 7. Bxf7+ Rxf7 8. Ne6 Qe8 9. Nxc7 Qd8 10. Nxa8 b6 11. dxe5 Nxe5 12. f4 Bg4 13. Qd2 Ned7 14. e5 dxe5 15. fxe5 Nh5 16. Qd5 Bh4+ 17. g3 Nxg3 18. hxg3 Bxg3+ 19. Kd2 Qg5+ 20. Kd3 Qg6+ 21. Ne4 Nc5+ 22. Kc3 Nxe4+ 23. Kb4 Be6 24. Qc6 Qg4 25. Ka3 Bxe5 26. c3 Bd6+ 27. b4 Nxc3 28. Qxc3 Rf3 29. Be3 Rxe3 0-1

[Event "Rhein Main op-A 18th"]
[Site "Bad Homburg"]
[Date "2015.06.03"]
[Round "1"]
[White "Hoeren, Andreas"]
[Black "Krastev, Alexander"]
[Result "1-0"]
[WhiteElo "2154"]
[BlackElo "1881"]
[PlyCount "77"]
[EventDate "2015.06.03"]
[EventType "swiss"]
[EventRounds "7"]
[EventCountry "GER"]
[SourceTitle "CBM 167 Extra"]
[Source "ChessBase"]
[SourceDate "2015.09.14"]
[SourceVersion "1"]
[SourceVersionDate "2015.09.14"]
[SourceQuality "1"]

1. Nf3 c5 2. e4 Nc6 3. g3 g6 4. Bg2 Bg7 5. 0-0 Nf6 6. Re1 0-0 7. c3 d5 8. e5 Ne8 9. d4 cxd4 10. cxd4 f6 11. Nc3 fxe5 12. Nxe5 Nxe5 13. dxe5 e6 14. f4 Nc7 15. Be3 b6 16. Qg4 Ba6 17. Rad1 Qe7 18. h4 Qb4 19. Bd4 Qe7 20. Bh3 Qf7 21. Qf3 h5 22. Rc1 Rac8 23. Qe3 Rfe8 24. a3 Bc4 25. Nb1 Nb5 26. Nd2 Nxd4 27. Qxd4 Bf8 28. b4 b5 29. Nf3 a5 30. Ng5 Qd7 31. Ne4 Be7 32. Nf6+ Bxf6 33. exf6 axb4 34. axb4 Ra8 35. Re3 Kf7 36. Rce1 Ra6 37. f5 gxf5 38. Bxf5 Qd6 39. Qd1 1-0

[Event "Mittelrhein Regionalliga 1415"]
[Site "Mittelrhein"]
[Date "2015.03.15"]
[Round "8.6"]
[White "Hoeren, Andreas"]
[Black "Koegler, Christof"]
[Result "1/2-1/2"]
[WhiteElo "2108"]
[BlackElo "1931"]
[PlyCount "149"]
[EventDate "2014.09.28"]
[EventType "team-tourn"]
[EventRounds "9"]
[EventCountry "GER"]
[SourceTitle "EXT 2023"]
[Source "ChessBase"]
[SourceDate "2022.10.05"]
[SourceVersion "1"]
[SourceVersionDate "2022.10.05"]
[SourceQuality "1"]
[WhiteTeam "Koeln Lasker"]
[BlackTeam "Godesberg III"]
[WhiteTeamCountry "GER"]
[BlackTeamCountry "GER"]

1. e4 c5 2. Nf3 d6 3. Bb5+ Nc6 4. 0-0 Nf6 5. Re1 Bd7 6. c3 a6 7. Bf1 Bg4 8. h3 Bh5 9. g4 Bg6 10. d4 d5 11. exd5 Qxd5 12. c4 Qd7 13. d5 0-0-0 14. Nc3 Qc7 15. a3 e6 16. Bg2 exd5 17. Nxd5 Nxd5 18. cxd5 f6 19. b4 cxb4 20. Be3 Kb8 21. Rc1 Qa5 22. Nd4 Na7 23. Ne6 Rd7 24. Nxf8 Rxf8 25. axb4 Qd8 26. Rc5 Bf7 27. Qd4 g5 28. Rec1 Rd6 29. b5 axb5 30. Ra1 Qb6 31. Qd2 Re8 32. Rc8+ Nxc8 33. Bxb6 Nxb6 34. Qa5 Nxd5 35. Qa7+ Kc7 36. Rc1+ Rc6 37. Rd1 Re5 38. Qa5+ Kc8 39. Qa8+ Kc7 40. Qf8 Be6 41. Bf1 b4 42. Bb5 Rc3 43. Bf1 b3 44. Qa3 b6 45. Bg2 Rc5 46. Qa7+ Kc6 47. Rb1 Rc3 48. Qa1 Rd3 49. Qa6 Rc3 50. Qa1 Rd3 51. Rc1+ Kb5 52. Bf1 Nf4 53. Kh2 Bc4 54. Qb1 Kb4 55. Qb2 Re2 56. Rxc4+ Kxc4 57. Bxe2 Nxe2 58. Qxe2 Kc3 59. Qe1+ Kc2 60. Qe2+ Rd2 61. Qc4+ Kb2 62. Kg2 Rc2 63. Qd4+ Kb1 64. Qd1+ Ka2 65. Qd5 Rc5 66. Qf7 Rb5 67. Qc4 Ra5 68. Qe6 b5 69. Qd5 Ka3 70. Qc5+ Ka4 71. Qc3 b4 72. Qxf6 Rc5 73. Qa1+ Kb5 74. Qb2 Rc3 75. Qe2+ 1/2-1/2

[Event "Mittelrhein Regionalliga 1314"]
[Site "Mittelrhein"]
[Date "2013.11.24"]
[Round "4.6"]
[White "Gerdell, Frank"]
[Black "Hoeren, Andreas"]
[Result "1/2-1/2"]
[WhiteElo "2032"]
[BlackElo "2121"]
[PlyCount "20"]
[EventDate "2013.09.15"]
[EventType "team-tourn"]
[EventRounds "11"]
[EventCountry "GER"]
[SourceTitle "EXT 2023"]
[Source "ChessBase"]
[SourceDate "2022.10.05"]
[SourceVersion "1"]
[SourceVersionDate "2022.10.05"]
[SourceQuality "1"]
[WhiteTeam "Gruenfeld"]
[BlackTeam "Koeln Lasker"]
[WhiteTeamCountry "GER"]
[BlackTeamCountry "GER"]

1. c4 c6 2. d4 d5 3. cxd5 cxd5 4. Nc3 Nf6 5. Bf4 Nc6 6. Nf3 a6 7. a3 Bf5 8. e3 e6 9. Rc1 Bd6 10. Bxd6 Qxd6 1/2-1/2

[Event "Mittelrhein Regionalliga 1314"]
[Site "Mittelrhein"]
[Date "2013.10.13"]
[Round "2.6"]
[White "Biedekoepper, Robert"]
[Black "Hoeren, Andreas"]
[Result "1-0"]
[WhiteElo "2030"]
[BlackElo "2121"]
[PlyCount "79"]
[EventDate "2013.09.15"]
[EventType "team-tourn"]
[EventRounds "11"]
[EventCountry "GER"]
[SourceTitle "EXT 2023"]
[Source "ChessBase"]
[SourceDate "2022.10.05"]
[SourceVersion "1"]
[SourceVersionDate "2022.10.05"]
[SourceQuality "1"]
[WhiteTeam "Godesberg II"]
[BlackTeam "Koeln Lasker"]
[WhiteTeamCountry "GER"]
[BlackTeamCountry "GER"]

1. d4 d5 2. c4 c6 3. Nf3 Nf6 4. Nc3 a6 5. c5 g6 6. Bf4 Bg7 7. e3 Bf5 8. Qb3 Ra7 9. Be2 Nbd7 10. 0-0 0-0 11. h3 Ne4 12. Nxe4 Bxe4 13. Rfd1 Bxf3 14. Bxf3 e5 15. Bh2 e4 16. Be2 f5 17. Rab1 Rf7 18. Qc3 h5 19. b4 Bh6 20. a4 Qf6 21. Rb2 Ra8 22. b5 axb5 23. axb5 f4 24. bxc6 bxc6 25. exf4 Bxf4 26. Bxf4 Qxf4 27. Bf1 Raf8 28. Qe3 Qf6 29. Rb7 Kg7 30. Rdb1 Re8 31. Ra7 Ree7 32. Ra6 Nf8 33. Rbb6 Rc7 34. Bb5 Ne6 35. Bxc6 Qxd4 36. Qxd4+ Nxd4 37. Bxd5 Rfe7 38. Rxg6+ Kh8 39. Rh6+ Rh7 40. Bxe4 1-0

[Event "Regionalliga Mittelrhein 1213"]
[Site "Germany"]
[Date "2012.09.30"]
[Round "2.6"]
[White "Hoeren, Andreas"]
[Black "Juelich, Thomas"]
[Result "1-0"]
[WhiteElo "2114"]
[BlackElo "1975"]
[PlyCount "47"]
[EventDate "2012.09.09"]
[EventType "team"]
[EventRounds "11"]
[EventCountry "GER"]
[SourceTitle "EXT 2015"]
[Source "ChessBase"]
[SourceDate "2014.11.20"]
[SourceVersion "1"]
[SourceVersionDate "2014.11.20"]
[SourceQuality "1"]
[WhiteTeam "Koeln Lasker"]
[BlackTeam "Pulheim"]
[WhiteTeamCountry "GER"]
[BlackTeamCountry "GER"]

1. d4 Nf6 2. c4 c5 3. d5 e6 4. Nc3 exd5 5. cxd5 d6 6. e4 g6 7. Bd3 Bg7 8. h3 0-0 9. Nge2 b6 10. 0-0 Ba6 11. Bg5 Qc8 12. Ng3 Bxd3 13. Qxd3 a6 14. f4 Re8 15. Rae1 Nfd7 16. e5 dxe5 17. Nce4 c4 18. Qe3 exf4 19. Qxf4 f6 20. Bxf6 Nxf6 21. Nxf6+ Bxf6 22. Qxf6 Rxe1 23. Qf7+ Kh8 24. Rxe1 1-0

[Event "Mittelrhein-chT 1112"]
[Site "Germany"]
[Date "2011.10.23"]
[Round "3.5"]
[White "Hoeren, Andreas"]
[Black "Epding, Volker"]
[Result "1/2-1/2"]
[WhiteElo "2103"]
[BlackElo "1932"]
[PlyCount "167"]
[EventDate "2011.09.11"]
[EventType "team-tourn"]
[EventRounds "13"]
[EventCountry "GER"]
[SourceTitle "EXT 2013"]
[Source "ChessBase"]
[SourceDate "2012.11.22"]
[SourceVersion "1"]
[SourceVersionDate "2012.11.22"]
[SourceQuality "1"]
[WhiteTeam "Koeln Lasker"]
[BlackTeam "Koeln Muelheim"]
[WhiteTeamCountry "GER"]
[BlackTeamCountry "GER"]

1. d4 d5 2. Nc3 Nf6 3. Bg5 c6 4. Qd3 Bg4 5. 0-0-0 Nbd7 6. Nf3 Bh5 7. Ne5 Qc7 8. Bf4 Qa5 9. f3 e6 10. Kb1 Bb4 11. Bd2 Nxe5 12. dxe5 Nd7 13. a3 Bxc3 14. Qxc3 Qxc3 15. Bxc3 0-0 16. e3 a5 17. a4 Bg6 18. b3 Rfb8 19. Kb2 b5 20. axb5 cxb5 21. Bd4 b4 22. Bd3 Bxd3 23. cxd3 f6 24. exf6 e5 25. Bxe5 Nxe5 26. fxg7 Kxg7 27. d4 Nf7 28. Rc1 Rc8 29. Rxc8 Rxc8 30. Ra1 Rc3 31. e4 dxe4 32. fxe4 Rd3 33. e5 Rxd4 34. e6 Ng5 35. e7 Kf7 36. Rxa5 Rd2+ 37. Kc1 Rxg2 38. h4 Ne6 39. Ra6 Kxe7 40. Ra7+ Kd6 41. Rxh7 Nd4 42. Rh6+ Kd5 43. Rh5+ Ke4 44. Kb1 Rh2 45. Rc5 Rh3 46. Rc4 Rxb3+ 47. Ka2 Ra3+ 48. Kb2 Ra4 49. h5 Kd3 50. Rc1 Ra6 51. Rh1 Rh6 52. Rh3+ Kc4 53. Rh4 Kc5 54. Rh1 Kd5 55. Rh4 Ke5 56. Rh1 Kd5 57. Rh4 Kc4 58. Rh1 Kb5 59. Rh4 Nc6 60. Rh1 Ka4 61. Ra1+ Kb5 62. Rh1 Nd4 63. Rh3 Kc4 64. Rh4 b3 65. Rh1 Nf5 66. Rh3 Nd4 67. Rh4 Kd5 68. Rh3 Ke5 69. Rh1 Kd5 70. Rh3 Kc4 71. Rh4 Kc5 72. Rh3 Kb4 73. Rh4 Kc4 74. Rh1 Nf3 75. Rh3 Nd4 76. Rh1 Kd5 77. Rh3 Ke4 78. Rh4+ Ke5 79. Rh3 Ra6 80. h6 Ra2+ 81. Kb1 Ra8 82. h7 Rh8 83. Kb2 Kd5 84. Kc3 1/2-1/2

[Event "Rhein Main op-A 14th"]
[Site "Bad Homburg"]
[Date "2011.06.25"]
[Round "5"]
[White "Hoeren, Andreas"]
[Black "Mashinskaya, Iulia"]
[Result "1/2-1/2"]
[WhiteElo "2143"]
[BlackElo "2333"]
[PlyCount "35"]
[EventDate "2011.06.22"]
[EventType "swiss"]
[EventRounds "7"]
[EventCountry "GER"]
[SourceTitle "EXT 2012"]
[Source "ChessBase"]
[SourceDate "2011.11.24"]
[SourceVersion "1"]
[SourceVersionDate "2011.11.24"]
[SourceQuality "1"]

1. d4 Nf6 2. Nc3 d5 3. Bg5 Nbd7 4. Qd3 h6 5. Bh4 e6 6. e4 dxe4 7. Nxe4 Be7 8. Nxf6+ Bxf6 9. Bxf6 Qxf6 10. Nf3 0-0 11. Qe3 c5 12. 0-0-0 b6 13. Bb5 Rd8 14. d5 exd5 15. Rxd5 Nf8 16. Rxd8 Qxd8 17. Rd1 Qc7 18. Qe5 1/2-1/2

[Event "Rhein Main op-A 14th"]
[Site "Bad Homburg"]
[Date "2011.06.23"]
[Round "3"]
[White "Hoeren, Andreas"]
[Black "Ewin, Hans Peter"]
[Result "1-0"]
[WhiteElo "2143"]
[BlackElo "1934"]
[PlyCount "43"]
[EventDate "2011.06.22"]
[EventType "swiss"]
[EventRounds "7"]
[EventCountry "GER"]
[SourceTitle "EXT 2012"]
[Source "ChessBase"]
[SourceDate "2011.11.24"]
[SourceVersion "1"]
[SourceVersionDate "2011.11.24"]
[SourceQuality "1"]

1. d4 Nf6 2. Nc3 g6 3. e4 d6 4. Be3 Bg7 5. h3 c5 6. d5 0-0 7. Nf3 Na6 8. Bxa6 bxa6 9. 0-0 Qc7 10. Qd2 Rb8 11. Rab1 a5 12. Bh6 Ba6 13. Rfe1 Rfd8 14. Bxg7 Kxg7 15. Nh4 e6 16. dxe6 fxe6 17. Qg5 Rf8 18. e5 Nd5 19. Nxd5 exd5 20. exd6 Qxd6 21. Re7+ Kh8 22. Qh6 1-0

[Event "NRW Class2 1011"]
[Site "Germany"]
[Date "2011.01.30"]
[Round "6.3"]
[White "Hoeren, Andreas"]
[Black "Mueschenich, Stefan"]
[Result "0-1"]
[WhiteElo "2140"]
[BlackElo "2155"]
[PlyCount "62"]
[EventDate "2010.09.26"]
[EventType "team-tourn"]
[EventRounds "9"]
[EventCountry "GER"]
[SourceTitle "EXT 2012"]
[Source "ChessBase"]
[SourceDate "2011.11.24"]
[SourceVersion "1"]
[SourceVersionDate "2011.11.24"]
[SourceQuality "1"]
[WhiteTeam "Koeln Lasker"]
[BlackTeam "Muenster II"]
[WhiteTeamCountry "GER"]
[BlackTeamCountry "GER"]

1. d4 Nf6 2. Nc3 d5 3. Bg5 Bf5 4. Bxf6 gxf6 5. e3 e6 6. Nf3 c5 7. Bb5+ Nc6 8. 0-0 Bg4 9. Re1 f5 10. Na4 cxd4 11. Qxd4 Rg8 12. Ne5 Qc7 13. c4 0-0-0 14. Nxc6 bxc6 15. Ba6+ Kb8 16. cxd5 Rxd5 17. Qc3 Bf3 18. Bf1 Bd6 19. g3 Rg4 20. b4 Rxb4 21. Rab1 Qb7 22. Qh8+ Qc8 23. Qxh7 Ra5 24. Nc3 Ra3 25. Rxb4+ Bxb4 26. Rb1 a5 27. Ne2 Rxa2 28. Nc1 Rd2 29. Qh4 Be4 30. Bd3 Rd1+ 31. Bf1 Bxb1 0-1